| 000 | 01108cam a2200325 i 4500 | ||
|---|---|---|---|
| 001 | 192161 | ||
| 003 | SpMaBN | ||
| 005 | 20250911062700.0 | ||
| 008 | 221107s2010 sp | |||| 000 f spa | ||
| 017 |
_aB 22976-2010 _bOficina Depósito Legal Barcelona |
||
| 020 | _a978-84-233-4265-5 | ||
| 040 |
_aSpMaBN _bspa _cSpMaBN _erdc |
||
| 080 | _a821.113.6-31"19" | ||
| 100 | 1 |
_aDahl, Arne, _d1963- _eaut _9175761 |
|
| 245 | 1 | 0 |
_aMisterioso / _cArne Dahl ; traducción de Cristina Cerezo Silva y Martin Lexell. |
| 250 | _a1ª ed. | ||
| 260 |
_aBarcelona : _bDestino, _c2010. |
||
| 300 |
_a492 páginas ; _c23 cm. |
||
| 490 | 1 |
_aÁncora y delfín _v; 1181 |
|
| 655 | 0 |
_aNovelas _9234319 |
|
| 700 | 0 |
_937512 _aCerezo Silva, Cristina _etrl |
|
| 700 | 1 |
_9234915 _aLexell, Martin, _d1961- _etrl |
|
| 830 | 0 |
_aÁncora y Delfín _v1181 _9151298 |
|
| 852 | 4 |
_aES-MaACL _jN-8055 _9199443 _bR. 152491 _cDEPOJ _hDonación: José Lázaro García |
|
| 903 |
_9234219 _aLázaro García, José _ednr |
||
| 942 |
_cMONOGRAFIA _n0 |
||
| 999 |
_c192161 _d192161 |
||